Heaven - Niall Horan (All Lyrics) - Statistics

General Stats
  • This quiz has been taken 24 times
  • The average score is 235 of 269
Answer Stats
Answer % Correct
even
100%
go
100%
God
100%
grow
100%
Heaven
100%
I
100%
if
100%
knows
100%
love
100%
me
100%
only
100%
our
100%
starts
100%
this
100%
to
100%
where
100%
a
92%
an
92%
And
92%
and
92%
be
92%
control
92%
could
92%
do
92%
flames
92%
in
92%
it
92%
It’s
92%
No
92%
of
92%
same
92%
the
92%
up
92%
won’t
92%
you
92%
You
92%
Your
92%
your
92%
better
83%
get
83%
human
83%
just
83%
not
83%
put
83%
So
83%
than
83%
what
83%
answer
75%
believe
75%
But
75%
candle
75%
can’t
75%
die
75%
doesn’t
75%
hard
75%
much
75%
we
75%
complicated
67%
enjoy
67%
hold
67%
is
67%
kiss
67%
Let’s
67%
that’s
67%
That’s
67%
view
67%
across
58%
adore
58%
around
58%
How
58%
made
58%
new
58%
outta
58%
somethin’
58%
Strange
58%
You’re
58%
float
50%
I’m
50%
light
50%
revolves
50%
room
50%
touch
50%
dance
42%
floor
42%
havin’
42%
obsessively
42%
something
42%
revelations
33%
Beyond
25%
infatuation
25%
No matching quizzes found
Score Distribution
Percent of People with Each Score
Percentile by Number Answered
Your Score History
You have not taken this quiz